| 000 | 01077nam a2200313 c 4500 | ||
|---|---|---|---|
| 999 |
_c428868 _d428868 |
||
| 003 | BLK | ||
| 005 | 20230404141021.0 | ||
| 008 | 200310b bul|||||r ||||||| ||bul|| | ||
| 040 | _aBLK | ||
| 041 |
_aBUL _cBUL |
||
| 080 |
_aСравнително литературознание _b82.091 _z82.091 |
||
| 100 | 1 |
_aШахов, Александър Александрович _eпърви автор _9432291 |
|
| 139 | _aШахов, Александър Александрович и др. | ||
| 245 | 1 | 0 |
_aГероите на всемирната литература _cАлександър Александрович Шахов, Пьотър Кохан, Георг Брандес ; прев. |
| 257 | _aBGR | ||
| 260 |
_aСофия _c1923 _fСофия : С. М. Стайков _9215573 _bСт. Атанасов |
||
| 300 |
_a63 с. _c23 см |
||
| 380 | _a82 | ||
| 490 |
_aБиблиотека за самообразование _vГ. XI, кн. 10 _9204496 |
||
| 500 | _aП. Кохан известен като Пьотър Семьонович Коган. | ||
| 650 | 0 |
_aЛитературознание, сравнително _9245262 |
|
| 700 | 1 |
_aКоган, Пьотър Семьонович _eсъавт. _9432292 |
|
| 700 | 1 |
_aБрандес, Георг Морис Коен _eсъавт. _942885 |
|
| 852 | _aЦб 8.230.1025 | ||
| 856 | 4 |
_qpdf _u |
|
| 856 | 4 |
_qpdf _u |
|
| 942 |
_cKNG _n0 _2udc _s1 |
||
| 944 |
_aCR _c2021-08-18 _kнр |
||